• 首页
  • 本馆介绍
  • 公告通知
  • 最新文献
  • 馆藏检索
  • 电子资源
  • 读者导购
  • 参考咨询
  • 我的图书馆
  • 登录
  • 详细信息显示
  • 放入我的书架
  • 预约/预借图书
  • 作者相关作品
  • 分类相关作品
  • 丛书相关作品
  • 出版社相关作品

书目信息

  • 表格格式
  • 工作单格式
  • 卡片格式
题名:
秋
    
 
作者: 巴金 著
分册:  
出版信息: 北京   人民文学出版社  1962.8
页数: 596页
开本: 20cm
丛书名:
单 册:
中图分类: I246.5
科图分类:
主题词: 小说--中国
电子资源:
ISBN:
000 00456nam0 2200193 45
001 0312221749
005 20060914082248.32
010    @dCNY1.20
100    @a20031222d1962 km y0chiy0120 ea
101    @achi
200 1  @a秋@AQiu@f巴金著@FBa Jin Zhu
205    @a2版
210    @a北京@c人民文学出版社@d1962.8
215    @a596页@d20cm
606 0  @a小说@x中国
690    @aI246.5@v3
701 0  @a巴金@4著
801    @aCN@bTSTCL@c20060914
905    @dI246.5@e10=2
    
    秋/巴金著.-2版.-北京:人民文学出版社,1962.8
    596页;20cm
    
    
    ISBN :CNY1.20
    
●
相关链接 在E读中查询图书 在五车中查询图书 在当当中查询图书 在豆瓣中查询图书


正题名:秋     索取号:I246.5/10=2         预约/预借

序号 登录号 条形码 馆藏地/架位号 状态 备注
1 0018140   202159216   密集书库/ [索取号:I246.5/10=2] 在馆    
2 0024804   202245999   密集书库/ [索取号:I246.5/10=2] 在馆    
3 0024809   202159083   密集书库/ [索取号:I246.5/10=2] 在馆    
4 0024810   202159234   密集书库/ [索取号:I246.5/10=2] 在馆    
5 0024811   202159163   密集书库/ [索取号:I246.5/10=2] 在馆    
6 0428082   204280820   密集书库/ [索取号:I246.5/10=2] 在馆    
7 0475622   204756228   密集书库/ [索取号:I246.5/10=2] 在馆    
唐山师范学院图书馆 欢迎您!
大连网信软件有限公司© 版权所有